| 000 | 00518pab a2200193 454500 | ||
|---|---|---|---|
| 008 | 180718b2005 xxu||||| |||| 00| 0 eng d | ||
| 100 | _aDmir, Nazmi | ||
| 245 | _aThe technical inefficiency effects of Turkish banks after financial liberalization | ||
| 260 | _c2005 | ||
| 300 | _ap.396-411. | ||
| 362 | _aSep. | ||
| 650 | _aLiberalization - Turkey | ||
| 650 | _aBanks - Turkey | ||
| 650 | _aBanks | ||
| 700 | _aBabuscu, Senol | ||
| 700 | _aMohmud, Syed F. | ||
| 773 | _aDeveloping Economies | ||
| 909 | _a67309 | ||
| 999 |
_c67309 _d67309 |
||